000 00635nam a2200241 a 4500
001 nice12345678
003 IN_TiNIC
005 20260116013039.0
008 050524s1996 newa grp 000 0 eng
020 _a0149848
_c295
082 0 0 _a362.50954
_bSAI
100 _aSainath, P
245 _aEverybody Loves a Good Drought
_b Stories from Indias Poorest Districts
260 _aNew Delhi
_bPenguin Books
_c1996
300 _a470p
500 _aincludes index and biblioraphy
505 2 _aReferences and Index
650 _aPoverty-India
700 1 _aSainath, P
902 _bSRS
942 _cBK
999 _c9423
_d9423